00550 a2200169 4500003000500000020002800005038000900033082001600042100002000058245014400078260004400222300002900266563000800295650003700303650001600340650002400356NUST a0471977144 (alk. paper) aSCEE a627.042 GRA aGraf, Walter H. aFluvial hydraulics :bflow and transport processes in channels of simple geometry /cWalter H. Graf ; in collaboration with M.S. Altinakar. aChichester ;aNew York :bWiley,c1998. a681 p. :bill. ;c26 cm. aH.B aChannels (Hydraulic engineering) aHydraulics. aSediment transport.